Learning Resource and Development

DC/AC electrical fundamentals / (Record no. 30112)

MARC details
000 -LEADER
fixed length control field 01998nam a2200349 i 4500
003 - CONTROL NUMBER IDENTIFIER
control field CSPC
005 - DATE AND TIME OF LATEST TRANSACTION
control field 20250820112909.0
008 - FIXED-LENGTH DATA ELEMENTS--GENERAL INFORMATION
fixed length control field 250820s2022 dk a 001 0 eng d
020 ## - INTERNATIONAL STANDARD BOOK NUMBER
International Standard Book Number 9788770227407
040 ## - CATALOGING SOURCE
Transcribing agency CSPC
Original cataloging agency CSPC
Language of cataloging eng
Description conventions rda
050 04 - LIBRARY OF CONGRESS CALL NUMBER
Classification number TK3001
082 04 - DEWEY DECIMAL CLASSIFICATION NUMBER
Classification number 621.319
Item number P275d
100 1# - MAIN ENTRY--PERSONAL NAME
Personal name Patrick, Dale R.,
Relator term author.
245 10 - TITLE STATEMENT
Title DC/AC electrical fundamentals /
Statement of responsibility, etc. Dale R. Patrick, [and 3 others].
264 #1 - PRODUCTION, PUBLICATION, DISTRIBUTION, MANUFACTURE, AND COPYRIGHT NOTICE
Place of production, publication, distribution, manufacture Gistrup, Denmark :
Name of producer, publisher, distributor, manufacturer River Publishers,
Date of production, publication, distribution, manufacture, or copyright notice 2022.
300 ## - PHYSICAL DESCRIPTION
Extent lii. 688 pages :
Other physical details color illustrations ;
Dimensions 24 cm.
336 ## - CONTENT TYPE
Source rdacontent
Content type term text
337 ## - MEDIA TYPE
Source rdamedia
Media type term unmediated
338 ## - CARRIER TYPE
Source rdacarrier
Carrier type term volume
490 0# - SERIES STATEMENT
Series statement River publishers series in electronic materials, circuits and devices
500 ## - GENERAL NOTE
General note Includes index.
505 0# - FORMATTED CONTENTS NOTE
Formatted contents note Part 1: Direct current (DC) -- DC (direct current) electrical fundamentals -- Electrical components and diagrams -- Meters and measurements -- Ohm's law and series electrical circuits -- Parallel circuits -- Series- parallel circuits and applications -- Magnetism and electromagnetism -- Sources of DC electrical energy -- Part 2: AC (Alternating current) -- AC (Alternating current) electrical fundamentals -- Sources of AC electrical energy -- Capacitance and capacitive reactance -- Inductance and inductive reactance -- Transformers -- Resistor, inductor, and capacitor (RLC) circuits -- Time-constant and wave-shaping circuits -- Mathematics for ac circuits -- AC problem solving methods -- Electrical energy conversion.
650 #0 - SUBJECT ADDED ENTRY--TOPICAL TERM
Topical term or geographic name entry element Electric circuits
General subdivision Alternating current.
650 #0 - SUBJECT ADDED ENTRY--TOPICAL TERM
Topical term or geographic name entry element Electric currents, alternating.
650 #0 - SUBJECT ADDED ENTRY--TOPICAL TERM
Topical term or geographic name entry element Electric circuits
General subdivision Direct current.
650 #0 - SUBJECT ADDED ENTRY--TOPICAL TERM
Topical term or geographic name entry element Electric currents, Direct.
700 1# - ADDED ENTRY--PERSONAL NAME
Personal name Fardo, Stephen W.,
Relator term author.
700 1# - ADDED ENTRY--PERSONAL NAME
Personal name Richardson, Ray E.,
Relator term author.
700 1# - ADDED ENTRY--PERSONAL NAME
Personal name Chandra, Vigyan (Vigs),
Relator term author.
942 ## - ADDED ENTRY ELEMENTS (KOHA)
Source of classification or shelving scheme Dewey Decimal Classification
Suppress in OPAC No
Koha item type Books
Classification part 621.319
Item part P275d
Call number prefix P275d
Call number suffix 2022
Holdings
Withdrawn status Lost status Source of classification or shelving scheme Damaged status Not for loan Home library Current library Shelving location Date acquired Total Checkouts Full call number Barcode Date last seen Copy number Price effective from Koha item type
    Dewey Decimal Classification     Main Library Main Library Engineering Section 08/20/2025   ENG 621.319 P275d 2022 030016 08/20/2025 1-1 08/20/2025 Books